Retencin̤ en la fuente

Detalles Bibliográficos
Autor principal: Chavarro Cadena, Jorge Enrique
Otros Autores: Cortes Guzman, Guillermo, Bello Franco, Eliecer
Formato: eBook
Lenguaje:español
Publicado: Bogot:̀ Grupo Editorial Nueva Legislacin̤, 2020
Materias:
Acceso en línea:Acceso restringido

MARC

LEADER 00000nam a22000007a 4500
005 20211111215144.0
007 cr|||| ||||
008 211111s2020 co |||||s|||| 00||0 spa d
020 |a 978-958-56259-5-2 
035 |a 35407 
040 |a vLex 
090 |c 12649  |d 12649 
100 1 |a Chavarro Cadena, Jorge Enrique 
245 1 0 |a Retencin̤ en la fuente  |h [Recurso electrn̤ico] /  |c Jorge Enrique Chavarro Cadena, Guillermo Cortes Guzman, Eliecer Bello Franco 
256 |a Servicio en ln̕ea 
260 |a Bogot:̀  |b Grupo Editorial Nueva Legislacin̤,  |c 2020 
300 |a 1 recurso electrn̤ico 
506 1 |a Disponible solo en los productos indicados  |d vLex Global  |d vLex Global (Academic Edition, excluding Law Schools)  |d vLex Global (U.S. Academic Edition, Law Schools)  |d vLex Global (U.S. Academic Edition, excluding Law Schools)  |d vLex Global (Academic Edition, Law Schools) 
650 0 4 |a Derecho Fiscal  |z Colombia 
700 1 |a Cortes Guzman, Guillermo 
700 1 |a Bello Franco, Eliecer 
740 0 |a vLex Libros (Servicio en ln̕ea) 
856 4 0 |u https://app.vlex.com/#/sources/35407  |z Acceso restringido 
942 |c BOOK 
999 0 |a Tax Law